Expert on Cambridge IELTS : Practice test 7
Saved in:
| Format: | Book |
|---|---|
| Language: | Undetermined |
| Published: |
Hà Nội
Thế giới
2015
|
| Subjects: | |
| Tags: |
Add Tag
No Tags, Be the first to tag this record!
|
| Institutions: | Trung tâm Học liệu Trường Đại học Cần Thơ |
|---|
| LEADER | 00504nam a2200181Ia 4500 | ||
|---|---|---|---|
| 001 | CTU_200163 | ||
| 008 | 210402s9999 xx 000 0 und d | ||
| 082 | |a 428.0076 | ||
| 082 | |b E96/CD-P.7 | ||
| 245 | 0 | |a Expert on Cambridge IELTS : | |
| 245 | 0 | |b Practice test 7 | |
| 245 | 0 | |c Hai Jim (collected) | |
| 260 | |a Hà Nội | ||
| 260 | |b Thế giới | ||
| 260 | |c 2015 | ||
| 650 | |a English language,Tiếng Anh | ||
| 904 | |i Nguyên | ||
| 980 | |a Trung tâm Học liệu Trường Đại học Cần Thơ | ||